Statistics for CoD: Modern Warfare 2 Map Description Quiz

Click here to take the quiz!

General Stats

  • This quiz has been taken 129 times
  • The average score is 7 of 16

Answer Stats

DescriptionAnswer% Correct
Abandoned rock excavation site in Brazil, with many possible sniping positionsQuarry
74%
Snow fields and two small warehouse buildings surrounding a yard with lots of trees and bushesDerail
68%
Russian international airport containing luggage, bars and shops, with cargo stationed outsideTerminal
65%
Four buildings surround an airplane boneyardScrapyard
63%
Construction site surrounded with large office buildings atop a skyscraperHighrise
61%
Hilly areas surrounding a building with multiple entrances on the Georgian-Russian borderEstate
54%
Urban area of southern Pakistan with buildings of varying heightKarachi
46%
Vancouver apartment block with central building serving as the focus of the combatSkidrow
46%
A multi-tiered map set in the slums of Rio de JaneiroFavela
38%
Oil yard in the middle of Afghan desertRust
28%
Barren fields containing shrubs and bushes near Chernobyl nuclear power plantWasteland
26%
Crashed C-130 Hercules plane in the middle of a desert valley with cliffsAfghan
24%
Snowy marine base located near Petropavlovsk, RussiaSub Base
20%
Rainy Brazilian industrial area located underneath a destroyed highway junctionUnderpass
18%
War-torn area of Afghanistan with many abandoned cars and damaged buildingsInvasion
15%
Murky riverside village located in Brazil's mountainous regionsRundown
5%

Score Distribution

Percentile by Number Answered

Percent of People with Each Score

Your Score History

You have not taken this quiz